Geography Quiz

Random Geography or City Quiz
Score 0/50 Timer 10:00
16 Plays Today
Passengers City or Airport Code % Correct
2,928,307London, UK
98.4%
1,177,019Paris, France
96.7%
564,110Rome, Italy
86.5%
464,775Mexico City, Mexico
85.9%
459,613Madrid, Spain
85.6%
552,504Tokyo, Japan
85%
229,873Moscow, Russia
80.8%
455,706Dublin, Ireland
80.8%
173,273Beijing, China
79%
156,352Toronto, Canada
73.4%
533,667Amsterdam, Netherlands
70.9%
208,140Barcelona, Spain
66%
171,784Vancouver, Canada
64%
142,389Montreal, Canada
62.2%
216,870Cairo, Egypt
62.2%
646,900Frankfurt, Germany
60.9%
245,551Athens, Greece
60.3%
162,066Buenos Aires, Argentina
58.9%
167,669Munich, Germany
57.5%
222,413Brussels, Belgium
56.1%
203,328Manchester, UK
55.6%
341,418Hong Kong, China
54.1%
516,414Incheon, South Korea
51.9%
461,064Sao Paulo, Brazil
51.2%
283,637Milan, Italy
50.9%
Passengers City or Airport Code % Correct
131,893Warsaw, Poland
50.6%
130,690Vienna, Austria
50.4%
270,832Istanbul, Turkey
50.3%
200,507Kingston, Jamaica
47.9%
418,665Dubai, UAE
43.7%
556,668Santiago, Dominican Republic
43.6%
215,447Mumbai, India
42.2%
367,214Zurich, Switzerland
39.1%
327,252Cancun, Mexico
38.7%
546,135Tel Aviv, Israel
38.2%
148,226Helsinki, Finland
36%
189,009Nassau, Bahamas
35.5%
171,733Port Au Prince, Haiti
30.9%
183,097Kyiv, Ukraine
30.2%
579,954Santo Domingo, Dominican Republic
28.1%
193,117Hamilton, Bermuda
20.6%
148,612Bridgetown, Barbados
17.5%
272,291Oranjestad, Aruba
14.1%
218,166Cologne, Germany
13.5%
224,233Shannon, Ireland
13.3%
246,789Port of Spain, Trinidad and Tobago
11.8%
315,301Montego Bay, Jamaica
10%
193,787Punta Cana, Dominican Republic
8.9%
154,124St Maarten, Netherlands Antilles
7.5%
134,587Guayaquil, Ecuador
4.1%
Come Together.
Have Fun.
All Virtual.
We all need to come together. Play Sporcle's virtual live trivia to have fun, connect with people, and get your trivia on. Join a live hosted trivia game for your favorite pub trivia experience done virtually. If a virtual private party is more your thing, go here for details.

You're not logged in!

Compare scores with friends on all Sporcle quizzes.
OR
Log In

Sporcle TV

Today on Sporcle TV


Watch our educational content, quiz creation guides, and fun videos on Sporcle TV.

Show Comments

Extras

Top Quizzes Today


Score Distribution

Paid Content

Your Account Isn't Verified!

In order to create a playlist on Sporcle, you need to verify the email address you used during registration. Go to your Sporcle Settings to finish the process.

Report this User

Report this user for behavior that violates our Community Guidelines.

Details: